Respuestas!: una guía completa del marketing directo efectivo

保存先:
書誌詳細
第一著者: Geller, Lois K (著者)
フォーマット: 図書
言語:スペイン語
出版事項: Barcelona Paidós 1998
版:1a. ed
シリーズ:Paidós Empresa, 62
主題:
タグ: タグ追加
タグなし, このレコードへの初めてのタグを付けませんか!

MARC

LEADER 00000cam a2200000 a 4500
001 UCD8948
003 CL-VaPUC
008 170527e19980000sp |||||||||||||||||spa|d
020 |a 8449305837 
082 0 4 |a 658.8  |b GEL  |2 21 
100 0 |a Geller, Lois K  |e author  |9 592569 
245 1 0 |a Respuestas!: una guía completa del marketing directo efectivo 
250 |a 1a. ed 
300 |a 367 p 
942 |c BK 
945 |d 20170527 00:32:00  |a arojas 
260 |a Barcelona  |b Paidós  |c 1998 
650 0 |a Marketing  |9 259324 
650 0 |a Marketing estratégico  |9 358049 
650 0 |a Gestión de marketing  |9 496779 
583 |a last modification  |c 20170527 00:32:00  |k Rodrigo Vera 
490 0 |a Paidós Empresa, 62 
999 |c 368254  |d 368252